| 000 | 01395 am a2200385 a 4500 | ||
|---|---|---|---|
| 999 |
_c28318 _d28289 |
||
| 001 | 009731519 | ||
| 003 | EG-ScBUE | ||
| 005 | 20200310104356.0 | ||
| 008 | 810706s1981 enkab f b 001 0 eng d | ||
| 020 | _a0713163402 (pbk) | ||
| 020 | _a0470270586 | ||
| 020 | _a0470270594 | ||
| 020 | _a0713163003 | ||
| 040 |
_aUk _beng _erda _cUk _dEG-ScBUE |
||
| 041 | 0 |
_aeng _beng |
|
| 082 | 0 | 4 |
_a363.5 _bBOU _222 |
| 100 | 1 |
_aBourne, Larry S. _q(Larry Stuart), _d1939- _eauthor. |
|
| 245 | 1 | 4 |
_aThe geography of housing / _cLarry S. Bourne, director of the Centre for Urban and Community Studies and professor of geography, University of Toronto. |
| 264 | 1 |
_aLondon : _bV. H. Winston & Sons : _bEdward Arnold, _c1981. |
|
| 300 |
_aviii, 288 pages : _billustrations, maps ; _c24 cm. |
||
| 336 |
_atext _2rdacontent _btxt |
||
| 337 |
_aunmediated _2rdamedia _bn |
||
| 338 |
_avolume _2rdacarrier _bnc |
||
| 490 | 0 | _aScripta series in geography | |
| 504 | _aIncludes bibliographical references and index. | ||
| 546 | _aIn English; summary in English. | ||
| 650 | 7 |
_aHousing. _2BUEsh |
|
| 650 | 7 |
_aCities and towns. _2BUEsh |
|
| 653 |
_aUrban regions _aHousing _aGeographical aspects _bGGEN _cMarch2020 |
||
| 655 |
_vReading book _934232 |
||
| 886 | 2 |
_2ukmarc _a900 _b10 _aBourne _hL. S. _xSee _aBourne, Larry S. _z100 |
|
| 942 |
_2ddc _cBB |
||